00523pab a2200157 454500008004000000100002300040245012200063260000900185300001500194362000800209650003800217650002900255700001700284700002100301773004300322180718b2014 xxu||||| |||| 00| 0 eng d aMelo, Marcus Andre aWhy do some governments resort to 'creative accounting' but not others? Fiscal governance in the Brazilian federation c2014 ap.595-612. aNov aFinancial administration - Brazil aFinancial administration aSouza, Saulo aPereira, Carloss aInternational Political Science Review